[Event "Lorca op 12th"]
[Site "Lorca"]
[Date "2023.12.30"]
[Round "9"]
[White "Patil, Priyanshu"]
[Black "Calvo Gonzalez, Jose Felix"]
[Result "1/2-1/2"]
[WhiteElo "1902"]
[BlackElo "2160"]
[PlyCount "81"]
[EventDate "2023.12.26"]
[EventType "swiss"]
[EventRounds "9"]
[EventCountry "ESP"]
[SourceTitle "CB01_2024"]
[SourceDate "2024.01.03"]
[SourceVersion "1"]
[SourceVersionDate "2024.01.03"]
[SourceQuality "1"]

1. e4 c5 2. Nc3 a6 3. g3 b5 4. Bg2 Bb7 5. d3 e6 6. Nh3 Be7 7. 0-0 Qc7 8. f4 d6 9. Qg4 Nf6 10. Qe2 Nc6 11. f5 Nd4 12. Qd2 exf5 13. exf5 0-0 14. Nf4 Rae8 15. Nfd5 Qb8 16. Nxf6+ Bxf6 17. Ne4 Bxe4 18. dxe4 b4 19. g4 h6 20. Qf2 Qb5 21. Re1 Qc4 22. Be3 Qxc2 23. Rac1 Qxf2+ 24. Bxf2 b3 25. axb3 Nxb3 26. Rcd1 Be5 27. Bf1 a5 28. Re3 Rb8 29. Bc4 a4 30. h4 Na5 31. Bd5 Rxb2 32. Ra3 Nb3 33. g5 Kh8 34. Rxa4 g6 35. Ra7 Bd4 36. Rf1 gxf5 37. exf5 hxg5 38. hxg5 Rxf2 39. Rxf2 Bxf2+ 40. Kxf2 Nd4 41. f6 1/2-1/2

[Event "Monsaraz op"]
[Site "Monsaraz"]
[Date "2023.11.24"]
[Round "5"]
[White "Patil, Priyanshu"]
[Black "Priyanka, Nutakki"]
[Result "1-0"]
[WhiteElo "1838"]
[BlackElo "2281"]
[PlyCount "67"]
[EventDate "2023.11.21"]
[EventType "swiss"]
[EventRounds "9"]
[EventCountry "POR"]
[SourceTitle "CB49_2023"]
[SourceDate "2023.12.06"]
[SourceVersion "1"]
[SourceVersionDate "2023.12.06"]
[SourceQuality "1"]

1. e4 e6 2. d4 d5 3. Nd2 c5 4. Ngf3 cxd4 5. Nxd4 Nc6 6. Bb5 Bd7 7. Nxc6 bxc6 8. Bd3 Bd6 9. Qe2 Ne7 10. e5 Bc7 11. 0-0 Ng6 12. f4 0-0 13. b3 f5 14. Ba3 Bb6+ 15. Kh1 c5 16. c4 d4 17. b4 Bc6 18. Nb3 cxb4 19. Bxb4 Re8 20. Bd6 Nh4 21. Rf2 Bc7 22. Nxd4 Bxd6 23. Nxc6 Qd7 24. exd6 Qxc6 25. Qe5 Rac8 26. Re1 Kf7 27. Rb2 Ng6 28. Qd4 Red8 29. c5 Qd5 30. Qxd5 exd5 31. Rc2 Kf6 32. Ba6 Rc6 33. Bb7 Rdxd6 34. cxd6 1-0

[Event "Bikaner op 1st"]
[Site "Bikaner"]
[Date "2022.10.08"]
[Round "9"]
[White "Patil, Priyanshu"]
[Black "Abhyudaya, Rajpurohit"]
[Result "1/2-1/2"]
[WhiteElo "1810"]
[BlackElo "2065"]
[PlyCount "73"]
[EventDate "2022.10.01"]
[EventType "swiss"]
[EventRounds "10"]
[EventCountry "IND"]
[SourceTitle "CBM 210 Extra"]
[Source "ChessBase"]
[SourceDate "2022.11.30"]
[SourceVersion "1"]
[SourceVersionDate "2022.11.30"]
[SourceQuality "1"]

1. e4 e5 2. Nf3 Nc6 3. d4 exd4 4. Nxd4 Nf6 5. Nxc6 bxc6 6. e5 Qe7 7. Qe2 Nd5 8. h4 a5 9. c4 Ba6 10. g3 g6 11. h5 Bg7 12. f4 Nb6 13. b3 gxh5 14. Ba3 Qe6 15. Rxh5 0-0-0 16. Nd2 Kb8 17. Ne4 d6 18. 0-0-0 Rhe8 19. Bh3 Qe7 20. Rxh7 Bxe5 21. fxe5 Qxe5 22. Bb2 Qxe4 23. Qxe4 Rxe4 24. Bf5 Re3 25. g4 a4 26. Kc2 Rf8 27. Bg7 Rfe8 28. Bd4 Re2+ 29. Rd2 c5 30. Bc3 d5 31. cxd5 Nxd5 32. Rxf7 Ne3+ 33. Kc1 Re1+ 34. Kb2 Nd1+ 35. Kc2 Ne3+ 36. Kb2 Nd1+ 37. Kc2 1/2-1/2

[Event "Kolhapur Kulkarni Memorial"]
[Site "Kolhapur"]
[Date "2021.12.07"]
[Round "7"]
[White "Patil, Priyanshu"]
[Black "Mahindrakar, Indrajeet"]
[Result "1-0"]
[WhiteElo "1723"]
[BlackElo "2118"]
[PlyCount "105"]
[EventDate "2021.12.04"]
[EventType "swiss"]
[EventRounds "10"]
[EventCountry "IND"]
[SourceTitle "EXT 2023"]
[Source "ChessBase"]
[SourceDate "2022.10.05"]
[SourceVersion "1"]
[SourceVersionDate "2022.10.05"]
[SourceQuality "1"]

1. e4 e5 2. Nf3 Nc6 3. d4 exd4 4. Nxd4 Nf6 5. Nxc6 bxc6 6. e5 Qe7 7. Qe2 Nd5 8. h4 Bb7 9. Nd2 Nf4 10. Qe4 Ne6 11. Nb3 d5 12. Qa4 a5 13. c3 f6 14. exf6 Qxf6 15. Be3 Bd6 16. Bb5 0-0 17. Bxc6 Bxc6 18. Qxc6 a4 19. Nd2 Ra5 20. 0-0-0 a3 21. Nb3 axb2+ 22. Kxb2 Ba3+ 23. Kc2 Qf5+ 24. Rd3 Rb8 25. Rh3 Rab5 26. Rf3 Qg6 27. Qd7 Kh8 28. Ba7 Qg4 29. Qc6 Bd6 30. Bxb8 Rxb8 31. g3 d4 32. Nxd4 Nxd4+ 33. Rxd4 Qe6 34. Qc4 Qg6+ 35. Rfd3 Rf8 36. f4 Re8 37. a4 Re2+ 38. Kb3 h6 39. a5 Qe8 40. Rd2 Re1 41. Rd1 Re2 42. R4d2 Re4 43. Rd4 Re2 44. R1d2 Re1 45. Rb2 Ra1 46. a6 Qg6 47. Qd3 Qe6+ 48. Kc2 Qe8 49. Re4 Qa8 50. Re2 Ba3 51. Qb5 Qh1 52. Re8+ Kh7 53. Qf5+ 1-0